La revolución proletaria y el renegado Kautsky

Λεπτομέρειες βιβλιογραφικής εγγραφής
Κύριος συγγραφέας: Lenin, Vladimir Ilich
Μορφή: Βιβλίο
Γλώσσα:Spanish
Θέματα:

MARC

LEADER 00000cam a2200000 a 4500
001 60430
005 20231021065751.0
008 000000|1977 ||||||||r|||||||||||spa||
040 |b spa 
041 0 |a Español 
082 0 |a 335.4 
100 1 |a Lenin, Vladimir Ilich  |9 237253 
245 |a La revolución proletaria y el renegado Kautsky  |c Vladimir Ilich Lenin  |h imp 
264 |a Moscú  |b Progreso  |c 1977 
300 |a 126 páginas:  |c 20 cm 
650 0 |a Marxismo  |9 7394 
650 0 |a Socialismo  |9 3101 
650 |a Proletariado  |9 7727 
650 7 |a Burguesía  |9 11987 
852 |a UC-CDJBV  |c ESTANTERIA CERRADA  |f Compra  |k sara.alvarado  |l 1  |m General  |p 00000000  |q 1.00  |r 2  |t 60430  |b 0  |d CDRC  |e CDRC  |g 335.4 ESTANTERIA CERRADA  |z 0000-00-00 
942 |c BK 
999 |c 27014  |d 27014